Západoslovenské energetické závody najviac investujú do výstavby bratislavského paroplynového cyklu
Západoslovenské energetické závody (ZSE), š.p. Bratislava sú jedným z troch rozvodných podnikov na Slovensku zabezpečujúcich nákup, rozvod a výrobu elektrickej a tepelnej energie. Celkové výnosy ZSE v roku 1996. Ceny energie. Investície do výstavby paroplynového cyklu v Bratislave. Systém riadenia o...
Gespeichert in:
| 1. Verfasser: | |
|---|---|
| Format: | Buchkapitel |
| Sprache: | Slowakisch |
| Schlagworte: | |
| Tags: |
Keine Tags, Fügen Sie das erste Tag hinzu!
|
MARC
| LEADER | 00000naa a2200000 4500 | ||
|---|---|---|---|
| 001 | r026540 | ||
| 005 | 20230921081303.6 | ||
| 041 | 0 | |a slo | |
| 044 | |a SK | ||
| 245 | 1 | 0 | |a Západoslovenské energetické závody najviac investujú do výstavby bratislavského paroplynového cyklu |c Z. Rabayová |
| 520 | |a Západoslovenské energetické závody (ZSE), š.p. Bratislava sú jedným z troch rozvodných podnikov na Slovensku zabezpečujúcich nákup, rozvod a výrobu elektrickej a tepelnej energie. Celkové výnosy ZSE v roku 1996. Ceny energie. Investície do výstavby paroplynového cyklu v Bratislave. Systém riadenia odberateľov a systém riadenia zásobovania. | ||
| 610 | 2 | 0 | |a ZSE, š.p. Bratislava |
| 610 | 2 | 0 | |a výnosy |
| 610 | 2 | 0 | |a energia |
| 610 | 2 | 0 | |a ceny |
| 610 | 2 | 0 | |a elektrina |
| 610 | 2 | 0 | |a investície |
| 610 | 2 | 0 | |a rozvod energie |
| 100 | 1 | |a Rabayová, Z. | |